Noticia històrica del Monestir d'Alguayre de la Orde Sagrada y Militar del Hospital de Sant Joan de Jerusalem / (Record no. 159819)
[ view plain ]
| 000 -LEADER | |
|---|---|
| campo de control de longitud fija | 01030nam a22002175i 4500 |
| 001 - NÚMERO DE CONTROL | |
| campo de control | 159819 |
| 003 - IDENTIFICADOR DE NÚMERO DE CONTROL | |
| campo de control | ES-MaACL |
| 005 - FECHA Y HORA DE LA ÚLTIMA TRANSACCIÓN | |
| campo de control | 20230906211820.0 |
| 008 - DATOS DE LONGITUD FIJA--INFORMACIÓN GENERAL | |
| campo de control de longitud fija | 990419s1899 sp a |||| | cat d |
| 040 ## - FUENTE DE CATALOGACIÓN | |
| Centro catalogador/agencia de origen | CCPB | B |
| Lengua de catalogación | spa |
| Centro/agencia transcriptor | CCPB | B |
| 100 1# - ENTRADA PRINCIPAL--NOMBRE DE PERSONA | |
| Nombre de persona | Miret y Sans, Joaquín. |
| 9 (RLIN) | 81584 |
| 245 10 - MENCIÓN DEL TÍTULO | |
| Título | Noticia històrica del Monestir d'Alguayre de la Orde Sagrada y Militar del Hospital de Sant Joan de Jerusalem / |
| Mención de responsabilidad, etc. | por Joaquim Miret y Sans. |
| 260 ## - PUBLICACIÓN, DISTRIBUCIÓN, ETC. | |
| Lugar de publicación, distribución, etc. | Barcelona : |
| Nombre del editor, distribuidor, etc. | [s.n.], |
| Fecha de publicación, distribución, etc. | 1899 ( |
| Fabricante | Tip. "L'Avenç") |
| 300 ## - DESCRIPCIÓN FÍSICA | |
| Extensión | 64 p., 1 h. de lám. ; |
| Dimensiones | 21 cm. |
| 597 ## - NOTA DE DESCRIPCIÓN FÍSICA | |
| NOTA DE DESCRIPCIÓN FÍSICA | Antep. |
| 599 ## - NOTA A LAS ILUSTRACIONES | |
| NOTA A LAS ILUSTRACIONES | La il. es una lám. lit.: "Atac del Monestir d'Alguayre per lo ... (Pintura mural en la antigua iglesia de Sant Joan de Jerusalem a Barcelona)", p. 21. |
| 610 24 - PUNTO DE ACCESO ADICIONAL DE MATERIA--NOMBRE DE ENTIDAD CORPORATIVA | |
| Nombre de entidad corporativa o nombre de jurisdicción como elemento de entrada | Monestir d'Alguaire- |
| Subdivisión general | Historia. |
| 9 (RLIN) | 151184 |
| 610 24 - PUNTO DE ACCESO ADICIONAL DE MATERIA--NOMBRE DE ENTIDAD CORPORATIVA | |
| Nombre de entidad corporativa o nombre de jurisdicción como elemento de entrada | Orden de Malta- |
| Subdivisión geográfica | Alguaire. |
| 9 (RLIN) | 151185 |
| 651 #4 - PUNTO DE ACCESO ADICIONAL DE MATERIA--NOMBRE GEOGRÁFICO | |
| Nombre geográfico | Alguaire- |
| Subdivisión general | Historia. |
| 9 (RLIN) | 151186 |
| 852 ## - LOCALIZACIÓN | |
| Ubicación | ES-MaACL |
| Número de control de estantería | T-924-F-2 |
| Nota libre | -- Enc. hol., conservando la enc. original |
| -- | -- Dedicatoria manuscrita del autor |
| -- | -- Enc. en un vol. facticio |
| Estatus retirado | Estado de pérdida | Estado de daño | No para préstamo | Colección | Biblioteca de origen | Biblioteca actual | Ubicación en estantería | Fecha de adquisición | Total de préstamos | Signatura topográfica completa | Código de barras | Visto por última vez | Precio de reemplazo | Tipo de ítem Koha |
|---|---|---|---|---|---|---|---|---|---|---|---|---|---|---|
| Colección de folletos | Biblioteca del Ateneo de Madrid | Biblioteca del Ateneo de Madrid | Depósito folletos | 17/01/2008 | T-924-F-2 | 1167308 | 23/02/2023 | 23/02/2023 | Folleto |
